[Event "GER-chT U12"]
[Site "Verden an der Aller"]
[Date "2002.12.30"]
[Round "7.2"]
[White "Gorodetski, Boris"]
[Black "Jahner, Lukas"]
[Result "1/2-1/2"]
[WhiteElo "1304"]
[BlackElo "1256"]
[PlyCount "181"]
[EventDate "2002.12.27"]
[EventType "team"]
[EventRounds "7"]
[EventCountry "GER"]
[SourceTitle "CBM 092 Extra"]
[Source "ChessBase"]
[SourceDate "2003.03.07"]
[SourceVersion "1"]
[SourceVersionDate "2003.03.07"]
[SourceQuality "1"]

1. d4 d5 2. e3 Bf5 3. Bd3 e6 4. f4 Bxd3 5. Qxd3 Nc6 6. c3 Be7 7. Nf3 Nf6 8. Nbd2 a6 9. 0-0 0-0 10. Ne5 Nxe5 11. fxe5 Ng4 12. Qe2 Nh6 13. e4 Kh8 14. Nf3 dxe4 15. Qxe4 Qd5 16. Qd3 Nf5 17. Bg5 h6 18. Bxe7 Nxe7 19. b3 Rad8 20. Rad1 c6 21. Rf2 Rc8 22. Qe2 Kg8 23. Rd3 Rc7 24. Qd1 Rd8 25. Qf1 Rf8 26. Rfd2 Rd8 27. Kh1 Rcc8 28. Ne1 Rc7 29. Rg3 Nf5 30. Rf3 Rcd7 31. Nc2 Nh4 32. Rh3 Ng6 33. Ne3 Qa5 34. Ng4 Re7 35. Qf3 Qd5 36. Qf1 Qa5 37. Qf2 Qd5 38. Rxh6 gxh6 39. Nf6+ Kg7 40. Nxd5 cxd5 41. h3 Rc8 42. Rd3 Rec7 43. Kh2 Rxc3 44. Rxc3 Rxc3 45. Qf6+ Kg8 46. Qd8+ Kg7 47. Qb6 Rc2 48. Qb4 Rxa2 49. Qe1 Rb2 50. Qc3 Rb1 51. Qb4 b5 52. Qa3 a5 53. Qa2 Rd1 54. Qxa5 Rxd4 55. Qxb5 Re4 56. Qa5 Rxe5 57. b4 d4 58. b5 d3 59. Qc3 d2 60. Qxd2 Rxb5 61. h4 Rf5 62. Qb2+ Kg8 63. Qd2 Kg7 64. Qc3+ Kg8 65. g3 Kh7 66. g4 Rf2+ 67. Kg3 Rf1 68. h5 Rg1+ 69. Kh2 Rxg4 70. hxg6+ Rxg6 71. Qc7 Kg7 72. Qe5+ Kg8 73. Kh3 Kh7 74. Kh4 Kg8 75. Qb8+ Kg7 76. Qd8 Kh7 77. Qf8 Rg7 78. Kh5 Rg5+ 79. Kh4 Rg7 80. Qd8 Rg6 81. Qf8 Rg7 82. Qe8 Kg6 83. Qd7 Kh7 84. Qd3+ Rg6 85. Qf3 Kg7 86. Qc3+ Kg8 87. Qe5 Kh7 88. Qd6 Kg7 89. Qe5+ Kg8 90. Qb8+ Kg7 91. Qc8 1/2-1/2

[Event "GER-chT U12"]
[Site "Verden an der Aller"]
[Date "2002.12.28"]
[Round "3.2"]
[White "Cortes, Lars"]
[Black "Jahner, Lukas"]
[Result "0-1"]
[WhiteElo "1218"]
[BlackElo "1256"]
[PlyCount "86"]
[EventDate "2002.12.27"]
[EventType "team"]
[EventRounds "7"]
[EventCountry "GER"]
[SourceTitle "CBM 092 Extra"]
[Source "ChessBase"]
[SourceDate "2003.03.07"]
[SourceVersion "1"]
[SourceVersionDate "2003.03.07"]
[SourceQuality "1"]

1. d4 d5 2. c4 e6 3. Nc3 Bb4 4. Bf4 Nf6 5. Qb3 Bxc3+ 6. bxc3 0-0 7. cxd5 Nxd5 8. Bg3 b6 9. Nf3 Bb7 10. e3 Nd7 11. Bh4 N5f6 12. Be2 Rc8 13. 0-0 c5 14. Ne5 cxd4 15. cxd4 Rc7 16. Nxd7 Qxd7 17. Bxf6 gxf6 18. Rfd1 Rfc8 19. Bd3 Qd5 20. e4 Qxd4 21. Bb1 Qxa1 22. Qg3+ Kh8 23. h3 Bxe4 24. Kh2 Bxb1 25. h4 Qe5 26. Qxe5 fxe5 27. Rxb1 Rc2 28. Re1 Rxf2 29. Rxe5 Rcc2 30. Rg5 Rxa2 31. h5 a5 32. h6 a4 33. Rg3 a3 34. Kh3 Rxg2 35. Rb3 Rh2+ 36. Kg3 Rag2+ 37. Kf3 Rh3+ 38. Kxg2 Rxb3 39. Kf2 a2 40. Ke2 a1R 41. Kd2 Ra2+ 42. Kc1 Rbb2 43. Kd1 Ra1# 0-1

[Event "GER-chT U12"]
[Site "Verden an der Aller"]
[Date "2002.12.27"]
[Round "2.2"]
[White "Jahner, Lukas"]
[Black "Merx, Tim"]
[Result "1/2-1/2"]
[WhiteElo "1256"]
[BlackElo "1052"]
[PlyCount "38"]
[EventDate "2002.12.27"]
[EventType "team"]
[EventRounds "7"]
[EventCountry "GER"]
[SourceTitle "CBM 092 Extra"]
[Source "ChessBase"]
[SourceDate "2003.03.07"]
[SourceVersion "1"]
[SourceVersionDate "2003.03.07"]
[SourceQuality "1"]

1. d4 d5 2. c4 dxc4 3. e3 Nf6 4. Bxc4 Bf5 5. Nc3 e6 6. Nf3 Bb4 7. a3 Bxc3+ 8. bxc3 0-0 9. 0-0 Bg4 10. h3 Bh5 11. Be2 Nc6 12. Nd2 Bxe2 13. Qxe2 Re8 14. Bb2 Qd7 15. Nf3 Ne4 16. Rfd1 f6 17. Nd2 Nxd2 18. Rxd2 Red8 19. Rad1 Qd6 1/2-1/2

[Event "GER-ch U12"]
[Site "Winterberg"]
[Date "2002.??.??"]
[Round "1"]
[White "Schloetzer, Waldemar"]
[Black "Jahner, Lukas"]
[Result "1-0"]
[WhiteElo "1692"]
[BlackElo "1328"]
[PlyCount "63"]
[EventDate "2002.05.19"]
[EventType "swiss"]
[EventRounds "11"]
[EventCountry "GER"]
[SourceTitle "CBM 088 Extra"]
[Source "ChessBase"]
[SourceDate "2002.07.01"]
[SourceVersion "2"]
[SourceVersionDate "2002.07.01"]
[SourceQuality "1"]

1. d4 d5 2. c4 e6 3. Nf3 Nf6 4. Bg5 Be7 5. Nc3 Bd7 6. e3 Nc6 7. Bxf6 Bxf6 8. cxd5 exd5 9. Nxd5 Be6 10. Nxf6+ gxf6 11. Bd3 Qd7 12. Qa4 h6 13. Be4 Bd5 14. Bxd5 Qxd5 15. Rc1 Rg8 16. Rg1 0-0-0 17. Qc4 Kb8 18. Qxd5 Rxd5 19. Ke2 Re8 20. Rgd1 Kc8 21. Kf1 Red8 22. Rd2 a6 23. Rdc2 R8d7 24. a3 Na5 25. b4 Nc6 26. Nd2 Kb8 27. Ne4 f5 28. Nf6 Ka7 29. Nxd5 Rxd5 30. Rxc6 bxc6 31. Rxc6 Rd6 32. Rxc7+ 1-0